000 00323nam a2200133Ia 4500
008 150201s2014 xx 000 0 und d
082 _a612
_bB2013V
100 _aVENKATESH .D
245 _aBASICS OF MEDICAL PHYSIOLOGY
250 _a1ST
260 _bWOLTER , KLUMER PUBLICATION
650 _aPHYSIOLOGY
942 _2ddc
_cBK
999 _c4843
_d4843